Effects of EU-accession of the Slovak Republic on tourism development in the Austrian border region "Auland-Carnuntum"
Saved in:
| Main Author: | |
|---|---|
| Format: | Book Chapter |
| Language: | English |
| Tags: |
No Tags, Be the first to tag this record!
|
MARC
| LEADER | 00000naa$a2200000$$$4500 | ||
|---|---|---|---|
| 001 | 0066955 | ||
| 005 | 20240502083159.5 | ||
| 041 | 0 | |a eng | |
| 044 | |a HR | ||
| 245 | 1 | 0 | |a Effects of EU-accession of the Slovak Republic on tourism development in the Austrian border region "Auland-Carnuntum" |c Ľudmila Novacká |
| 100 | 1 | |a Novacká, Ľudmila, 1953- | |